00489nam a2200217Ia 4500008004100000020001800041050001700059100001700076245001800093245002000111245002000131260001500151260001600166260000900182300001600191300002200207300001000229300001800239440000600257500000800263170918s9999 xx 000 0 und d a9780545417990 bS859mo 2013  aStine, R. L. aMost wanted : bson of slappy / cby R. L. Stine. aNew York : bScholastic, c2013 a134 pages : bblack and white : c19cm. eGoosebumps ;  a2 a410